-Climbing Up the Walls- by Radiohead Lyrics - Statistics

General Stats
  • This quiz has been taken 54 times
  • The average score is 104 of 157
Answer Stats
Answer % Correct
I
100%
you
100%
You
100%
the
97%
be
94%
a
90%
there
90%
up
90%
your
90%
am
87%
Climbing
87%
I'll
87%
walls
87%
in
81%
to
81%
key
74%
turn,
74%
lock
71%
Open
71%
skull,
71%
way
71%
either
68%
house
65%
of
65%
So
65%
basement
61%
on
61%
tonight
58%
too
58%
got
55%
But
52%
get
52%
if
52%
toys
52%
when
52%
Do
48%
far
48%
he
48%
head
48%
inside
48%
keeps
48%
only
48%
we
48%
die
45%
eyes
45%
friends
45%
It's
45%
kids
45%
mind
45%
reflection
45%
see
45%
That
45%
You'll
45%
always
42%
loneliest
42%
out
42%
safe
42%
we're
42%
back
39%
better
39%
is
39%
know
39%
local
39%
man
39%
till
39%
Who's
39%
best
35%
feeling
35%
I've
35%
light
35%
outside
35%
Shut
35%
smell
35%
Fifteen
32%
or
32%
blows
29%
cry
29%
not
29%
off
29%
with
29%
alarm
26%
cupboard
26%
pick
26%
hit
23%
turns,
23%
ice
19%
covers
16%
No matching quizzes found
Score Distribution
Percent of People with Each Score
Percentile by Number Answered
Your Score History
You have not taken this quiz